| 000 | 00465nam a2200169Ia 4500 | ||
|---|---|---|---|
| 003 | OSt | ||
| 005 | 20260309100420.0 | ||
| 008 | 211028s2011 xx 000 0 und d | ||
| 040 | _cAIMIT LIBRARY | ||
| 041 | _aeng | ||
| 100 |
_aNayak, Asish Kumar;Shetty, Annapoorna. _g81706 _93355 |
||
| 110 |
_aSanthosh B. _93356 |
||
| 245 | _aStudent information sender / | ||
| 260 |
_aBangalore _c2011 |
||
| 710 |
_aCranes Software International Ltd _93357 |
||
| 942 |
_2ddc _cPRO |
||
| 999 |
_c217204 _d217204 |
||